Tự động hóa trong xây dựng

"Tự động hóa trong xây dựng" trình bày phần cơ bản nhất của lý thuyết điều khiển tự động là hệ thống điều khiển tuyến tính liên tục; phương pháp mô tả toán học, phân tích chất lượng và ổn định của hệ thống điều khiển tự...

全面介绍

Đã lưu trong:
书目详细资料
主要作者: Đỗ Xuân Tùng
格式: 图书
语言:Undetermined
出版: Hà Nội Xây dựng 2001
主题:
标签: 添加标签
没有标签, 成为第一个标记此记录!
Thư viện lưu trữ: Trung tâm Học liệu Trường Đại học Cần Thơ
LEADER 01276nam a2200217Ia 4500
001 CTU_168988
008 210402s9999 xx 000 0 und d
020 |c 39000 
082 |a 624.028 
082 |b T513 
100 |a Đỗ Xuân Tùng 
245 0 |a Tự động hóa trong xây dựng 
245 0 |c Chủ biên Đỗ Xuân Tùng 
260 |a Hà Nội 
260 |b Xây dựng 
260 |c 2001 
520 |a "Tự động hóa trong xây dựng" trình bày phần cơ bản nhất của lý thuyết điều khiển tự động là hệ thống điều khiển tuyến tính liên tục; phương pháp mô tả toán học, phân tích chất lượng và ổn định của hệ thống điều khiển tự động. Dùng làm tài liệu giảng dạy và tham khảo cho các ngành Vật liệu xây dựng và Kỹ thuật Môi trưởng 
650 |a Kỹ thuật xây dựng,Civil engineering,Kỹ thuật xây dựng,Civil engineering 
650 |x Xử lý dữ liệu,Data processing,Cảm biến từ xa,Remote sensing 
910 |a K.Mi, Trọng Hiếu 
980 |a Trung tâm Học liệu Trường Đại học Cần Thơ